Normal view
MARC view
- الفلسفة الاسلامية-فلسفة ابن رشد
Entry Topical Term
001 - CONTROL NUMBER
- control field: 38406
003 - CONTROL NUMBER IDENTIFIER
- control field: JO-AjAnu
005 - DATE AND TIME OF LATEST TRANSACTION
- control field: 20230606080409.0
008 - FIXED-LENGTH DATA ELEMENTS
- fixed length control field: 230606|| aca||aabn | a|a d
040 ## - CATALOGING SOURCE
- Original cataloging agency: JO-AjAnu
- Transcribing agency: JO-AjAnu
150 ## - HEADING--TOPICAL TERM
- Topical term or geographic name entry element: الفلسفة الاسلامية-فلسفة ابن رشد
670 ## - SOURCE DATA FOUND
- Source citation: Work cat.: (JO-AjAnu)19701: بن رشد، ابي الوليد محمد ؛ تحقيق دنيا، سليمان, author 38405, تهافت التهافت، ج1